| 000 | 00531 a2200181 4500 | ||
|---|---|---|---|
| 020 | _a0813341213 | ||
| 040 |
_aDLC _bDLC |
||
| 082 | 0 | 0 | _a570.151 |
| 100 | 1 | _aBar-Yam, Yaneer. | |
| 245 | 1 | 0 |
_aDynamics of complex systems _cYaneer Bar-Yam. |
| 260 |
_aBoulder, CO : _bWestview Press, _c2003. |
||
| 300 |
_axvi, 848 p.; _c23 cm. |
||
| 440 | 0 | _aStudies in nonlinearity | |
| 500 | _aOriginally published: Reading, Mass. : Addison-Wesley, 1977. | ||
| 650 | 0 | _aBiomathematics. | |
| 650 | 0 | _aSystem theory. | |
| 942 |
_cBK _k570.151 BAR _2ddc |
||
| 999 |
_c7874 _d7874 |
||